| 000 | 01151cam a2200301 4500 | ||
|---|---|---|---|
| 001 | WB3547-10 | ||
| 008 | 000000n1999 000 0 eng u | ||
| 035 | _a(Sirsi) u102995 | ||
| 245 | _aCommercial property survey | ||
| 260 | _c1999 | ||
| 490 |
_aScotsman _v30 November 1999 (5) (LOAN) |
||
| 520 | _aReview of the commercial property market in Scotland, including leisure complexes, vehicle dealerships, business centres, call centres, auctions, transport, and a survey of the market in Stirling. | ||
| 590 | _aWB | ||
| 650 | _aPROPERTY-COMMERCIAL PROPERTY-COMMERCIAL PROPERTY MARKET | ||
| 650 | _aPROPERTY-COMMERCIAL PROPERTY-RETAIL PROPERTY-RETAIL PROPERTY MARKET | ||
| 650 | _aLEISURE MARKET | ||
| 650 | _aPROPERTY-COMMERCIAL PROPERTY-OFFICE PROPERTY-OFFICE PROPERTY MARKET | ||
| 650 | _aCALL CENTRES | ||
| 650 | _aSCOTLAND | ||
| 650 | _aEDINBURGH | ||
| 650 | _aGLASGOW | ||
| 650 | _aSTIRLING | ||
| 650 |
_aAuctioneering _96218 |
||
| 650 | _aTRANSPORT | ||
| 650 | _aPROPERTY-PROPERTY FINANCE AND INVESTMENT-REAL ESTATE INVESTMENT TRUSTS | ||
| 690 | _aPROPERTY-COMMERCIAL PROPERTY-COMMERCIAL PROPERTY MARKET | ||
| 942 | _n0 | ||
| 999 |
_c61883 _d61883 |
||